| Tag |
First Indicator |
Second Indicator |
Subfields |
| LEADER |
00000cam a2200000 a 4500 |
| 001 |
in00000035071 |
| 005 |
20151007055256.0 |
| 008 |
870520s1988 tnu b s00110 eng |
| 010 |
|
|
|a 87015144
|
| 020 |
|
|
|a 0870495704 (pbk. : alk. paper)
|
| 020 |
|
|
|a 0870495534 (alk. paper)
|
| 035 |
|
|
|a (OCoLC)16089359
|
| 035 |
|
|
|9 AAB7752AM
|
| 040 |
|
|
|a DLC
|c DLC
|d TXA
|d UtOrBLW
|
| 043 |
|
|
|a n-us---
|
| 049 |
|
|
|a TXAM
|c [A11506121]
|
| 050 |
0 |
0 |
|a BL65.P7
|b H47 1988
|
| 082 |
0 |
|
|a 322/.1/0973
|2 19
|
| 100 |
1 |
|
|a Hertzke, Allen D.,
|d 1950-
|
| 245 |
1 |
0 |
|a Representing God in Washington :
|b the role of religious lobbies in the American polity /
|c Allen D. Hertzke.
|
| 250 |
|
|
|a 1st ed.
|
| 264 |
|
1 |
|a Knoxville :
|b University of Tennessee Press,
|c [1988]
|
| 264 |
|
4 |
|c ©1988
|
| 300 |
|
|
|a xvi, 260 pages ;
|c 22 cm.
|
| 336 |
|
|
|a text
|b txt
|2 rdacontent
|
| 337 |
|
|
|a unmediated
|b n
|2 rdamedia
|
| 338 |
|
|
|a volume
|b nc
|2 rdacarrier
|
| 504 |
|
|
|a Bibliography: pages [243]-248.
|
| 500 |
|
|
|a Includes index.
|
| 650 |
|
0 |
|a Religion and politics
|z United States
|x History
|y 20th century.
|
| 650 |
|
0 |
|a Religion and state
|z United States
|x History
|y 20th century.
|
| 650 |
|
0 |
|a Lobbying
|z United States
|x History
|y 20th century.
|
| 651 |
|
0 |
|a United States
|x Religion
|y 1945-
|
| 651 |
|
0 |
|a United States
|x Politics and government
|y 1945-1953.
|
| 651 |
|
0 |
|a United States
|x Politics and government
|y 1945-1989.
|
| 999 |
|
|
|a MARS
|
| 999 |
f |
f |
|s 6f56b52f-3f29-3e02-86da-4ccce03c3e9f
|i 9d8a4bab-7c19-3ee3-a078-e5d3a54e3e4e
|t 0
|
| 952 |
f |
f |
|p normal
|a Texas A&M University
|b College Station
|c Sterling C. Evans Library
|d Evans: Library Stacks
|t 0
|e BL65.P7 H47 1988
|h Library of Congress classification
|i unmediated -- volume
|m A14811506121
|
| 998 |
f |
f |
|a BL65.P7 H47 1988
|t 0
|l Evans: Library Stacks
|